000 00421nam a22001697a 4500
005 20180316165305.0
008 160523b xxu||||| |||| 00| 0 eng d
020 _a81-7188-193-9
041 _aeng
082 _b4172
_a333.7
100 _aChopra/Kanchan & Others
_91032
245 _aEcological Economics
260 _aNew Delhi
_bAcademic Faundation
_c2001
300 _a241
650 _aManagement
_9241
942 _cBK
999 _c1405
_d1405